| 000 | 00718nam a22001937a 4500 | ||
|---|---|---|---|
| 003 | BD-DhUL | ||
| 005 | 20160918133856.0 | ||
| 008 | 160918s1990 b a|||| |||| 000 0 b d | ||
| 040 |
_cBD-DhUL _dBD-DhUL |
||
| 082 |
_a954.92 _bSAA |
||
| 100 | 1 | _aসাঈদ, আবু অাল | |
| 245 |
_aআওয়ামী লীগের শাসনকাল : _b১৯৫৬-৫৮ এবং ১৯৭১-৭৫ / _cআবু অাল সাঈদ |
||
| 260 |
_aঢাকা : _bআগামী, _c১৯৯০ । |
||
| 300 |
_a১৫২ পৃ. ; _c২২ সেমি. । |
||
| 365 |
_aBDT _b100.00 |
||
| 650 |
_aবাংলাদেশ _xইতিহাস |
||
| 650 |
_aBangladesh _xHistory |
||
| 942 |
_2ddc _cBK |
||
| 999 |
_c104903 _d104903 |
||